000 00349nam a2200121Ia 4500
008 150610s9999 xx 000 0 und d
020 _a9780062084361
050 _aPS3608
_b.A544F35 2011
100 _aHaigh, Jennifer
245 _aFaith:
_ba novel /
_cJennifer Haigh.
260 _aNew York :
_bHarper Collins,
_c2011.
300 _a318pages ;
_c23 cm.
999 _c287848
_d287848